| 000 | 00463nam a22001577a 4500 | ||
|---|---|---|---|
| 003 | OSt | ||
| 005 | 20140310182453.0 | ||
| 008 | 130806t xxu||||| |||| 00| 0 eng d | ||
| 020 | _a0444518088 | ||
| 050 |
_aTP248.27.F86 _b.Ap652 2005 vol. 5 |
||
| 245 |
_aApplied Mycology and Biotechnology / _cedited by; Dilip K. Arora, Randy M. Berka |
||
| 260 |
_aUSA : _bElsevier B.V., _cc2005. |
||
| 300 |
_a428 p. : _bill. ; _c25 cm. |
||
| 942 |
_2lcc _cSSLC |
||
| 999 |
_c13710 _d13710 |
||